Mutagenita polétavého prachu (PM10) v ovzduší Teplic a Prachatic

Bibliographic Details
Main Authors: Pastorková, A. (Author), Pochmanová, D. (Author), Šmíd, J. (Author), Černá, M. (Author)
Format: Article
Language:Czech

MARC

LEADER 00000nab a2200000uu 4500
001 vtls011140364
003 SK-MaSNL
005 20260303120717.0
008 230131|1999 xo |||||||||||||||||cze|
015 |a SNBRB 
035 |a (urnnbn)urn:nbn:sk:snk:ar-007zvn 
035 |a (uuid)55d5081e-bb5e-470d-b6d0-91527ee2c1b8 
035 |a urn:nbn:sk:snk-abasbh 
040 |a SNKBUCL  |b slo  |c SNKBUCL  |e AACR2 
041 0 |a cze 
044 |a xo  |c SK 
100 1 |a Pastorková, A.  |4 aut  |9 1133282 
245 1 0 |a Mutagenita polétavého prachu (PM10) v ovzduší Teplic a Prachatic  |c A. Pastorková, D. Pochmanová, J. Šmíd, M. Černá 
700 1 |a Pochmanová, D.  |4 aut  |9 1133369 
700 1 |a Šmíd, J.  |4 aut  |9 1119576 
700 1 |a Černá, M.  |4 aut  |9 801506 
773 0 |t Hygiena : časopis pro ochranu a podporu zdraví  |g Roč. 44, č. Supplementum 2 (1999), s. 16-24 
954 |a odborná, vedecká literatúra cudzojazyčná (svetová)  |2 lita 
958 |a OND 
958 |a EUIPO 
958 |a article14 
999 |c 1911964  |d 1913894